Etudes critiques sur des Brachiopodes nouveaux ou peu connus / (Record no. 48588)

MARC details
000 -LEADER
campo de control de longitud fija 00557nam a22001695i 4500
001 - NÚMERO DE CONTROL
campo de control 48588
003 - IDENTIFICADOR DE NÚMERO DE CONTROL
campo de control ES-MaACL
007 - CAMPO FIJO DE DESCRIPCIÓN FÍSICA--INFORMACIÓN GENERAL
campo de control de longitud fija t|
008 - DATOS DE LONGITUD FIJA--INFORMACIÓN GENERAL
campo de control de longitud fija 950725m18621863fr a ||||1| fre d
040 ## - FUENTE DE CATALOGACIÓN
Centro catalogador/agencia de origen CAM
Lengua de catalogación spa
Centro/agencia transcriptor CAM
100 1# - ENTRADA PRINCIPAL--NOMBRE DE PERSONA
Nombre de persona Deslongchamps, Eugène.
9 (RLIN) 43894
245 10 - MENCIÓN DEL TÍTULO
Título Etudes critiques sur des Brachiopodes nouveaux ou peu connus /
Mención de responsabilidad, etc. par Eugène Deslongchamps.
260 ## - PUBLICACIÓN, DISTRIBUCIÓN, ETC.
Lugar de publicación, distribución, etc. A Caen :
Nombre del editor, distribuidor, etc. chez A. Hardel ;
Lugar de publicación, distribución, etc. Paris :
Nombre del editor, distribuidor, etc. Chez Savy,
Fecha de publicación, distribución, etc. 1862-1863.
300 ## - DESCRIPCIÓN FÍSICA
Extensión v., XII h. de lám. ;
Dimensiones 24 cm.
505 8# - NOTA DE CONTENIDO CON FORMATO
Nota de contenido con formato Contiene los fascículos 1-3
852 ## - LOCALIZACIÓN
Ubicación ES-MaACL
Número de control de estantería T-908-F-5
Holdings
Estatus retirado Estado de pérdida Estado de daño No para préstamo Colección Biblioteca de origen Biblioteca actual Ubicación en estantería Fecha de adquisición Fuente de adquisición Total de préstamos Signatura topográfica completa Código de barras Visto por última vez Precio de reemplazo Tipo de ítem Koha
        Colección de folletos Biblioteca del Ateneo de Madrid Biblioteca del Ateneo de Madrid Depósito folletos 17/01/2008     T-908-F-5 1051132 23/02/2023 23/02/2023 Folleto